Fuentes para la historia de la guerra contra los indios pijaos, 1602-1604 /
Uloženo v:
| Další autoři: | , |
|---|---|
| Médium: | Elektronický zdroj E-kniha |
| Jazyk: | španělština |
| Vydáno: |
Bogotá, D.C., Colombia :
Academia Colombiana de Historia,
[2024]
|
| Edice: | Biblioteca de historia nacional (Academia Colombiana de Historia) ;
v. 181. |
| Témata: | |
| On-line přístup: | Digitalia Hispánica |
| Tagy: |
Přidat tag
Žádné tagy, Buďte první, kdo vytvoří štítek k tomuto záznamu!
|
MARC
| LEADER | 00000nam a2200000 i 4500 | ||
|---|---|---|---|
| 001 | DIGACHCK0063 | ||
| 003 | NyNyDIG | ||
| 007 | cr ||||||||||| | ||
| 008 | 241116s2024 ck ob 001 0 spa d | ||
| 006 | m o d | ||
| 035 | |a (OCoLC)1451794655 | ||
| 040 | |a DGITA |b eng |e rda |e pn |c DGITA | ||
| 020 | |a 9786289628531 |q digital | ||
| 020 | |z 9786289628524 |q impreso | ||
| 043 | |a s-ck--- | ||
| 050 | 1 | 4 | |a F2270.2.P64 ebook |
| 245 | 0 | 0 | |a Fuentes para la historia de la guerra contra los indios pijaos, 1602-1604 / |c transcripción, introducción y notas, Mauricio Arango Puerta, Juan David Montoya Guzmán. |
| 264 | 1 | |a Bogotá, D.C., Colombia : |b Academia Colombiana de Historia, |c [2024] | |
| 300 | |a 1 online resource. | ||
| 336 | |a text |b txt |2 rdacontent | ||
| 337 | |a computer |b c |2 rdamedia | ||
| 338 | |a online resource |b cr |2 rdacarrier | ||
| 347 | |a text file |2 rdaft | ||
| 347 | |b PDF | ||
| 490 | 1 | |a Colección Biblioteca de historia nacional ; |v volumen CLXXXI | |
| 504 | |a Includes bibliographical references and indexes. | ||
| 588 | 0 | |a Online resource; title from PDF title page (Digitalia, viewed November 16, 2024) | |
| 650 | 0 | |a Pijao Indians |z Colombia |x History |y 17th century. | |
| 700 | 1 | |a Arango Puerta, Mauricio, |e editor. | |
| 700 | 1 | |a Montoya Guzmán, Juan David, |e editor. | |
| 791 | 2 | |a Digitalia (Firm), |e distributor. | |
| 793 | 0 | |g Digitalia eBook Collection: |a Academia Colombiana de Historia | |
| 776 | 0 | 8 | |i Print version: |t Fuentes para la historia de la guerra contra los indios pijaos, 1602-1604. |d Bogotá, D.C., Colombia : Academia Colombiana de Historia, [2024] |z 9786289628524 |
| 830 | 0 | |a Biblioteca de historia nacional (Academia Colombiana de Historia) ; |v v. 181. | |
| 856 | 4 | 0 | |3 Digitalia Hispánica |u https://digitalia.unach.elogim.com/a/159367/ |
| 910 | |a Premium collection: 2024 | ||